| 000 | 00376 a2200145 4500 | ||
|---|---|---|---|
| 001 | 177403 | ||
| 020 | _a | ||
| 040 | _cMagnum | ||
| 100 | _aAzevedo, Eglom de | ||
| 240 | 1 | 0 |
_aGeografia: interagindo no continente americano/7 serie _lpor |
| 245 | 1 | 0 | _aGeografia: interagindo no continente americano/7 serie |
| 362 | 0 | _a1899 | |
| 697 | _aMAGNITO: PARADIDATICO | ||
| 942 | _cBK | ||
| 999 |
_c177403 _d177403 |
||